00416 a2200133 4500001001000000005001700010008004100027245004000068100001900108700002500127700002100152773009200173999001700265ART_4512020260410162039.0260409a 10aRedes energéticas en la Argentina1 aLaurelli, Elsa1 aJacinto, Guillermina1 aCarrizo, Silvina0 tRevista de estudios regionales y mercado de trabajog- Nº 7 (ene./dic. 2011)wREV44894 c34679d34679